Viabilidad de tres sistemas constructivos alternativos con respecto a tres sistemas constructivos tradicionales utilizados para la fabricación de viviendas de Interés social
El estudio evalúa la viabilidad técnico-económica de tres sistemas constructivos livianos con respecto a tres sistemas constructivos tradicionales a fin de proponer mejores alternativas a familias que demandan viviendas de interés social.
| Main Authors: | , , |
|---|---|
| Other Authors: | |
| Format: | Tesis Section = Libro |
| Language: | Undetermined Spanish |
| Published: |
Managua
UNI/RUACS
2016
|
| Subjects: |
| LEADER | 01222nam a2200277Ia 4500 | ||
|---|---|---|---|
| 008 | 240830s9999 xx 000 0 und d | ||
| 040 | |a BIBLIOTECA-RUPAP Mon 363.5 M958 | ||
| 041 | |a spa | ||
| 082 | |a Mon 363.5 M958 | ||
| 100 | 1 | |a Müller Gadea, Juan Francisco | |
| 100 | 1 | |b Medina Chavarría, Grethel Jazmina | |
| 100 | 1 | |c Pérez Castillo, Efrén Antonio | |
| 245 | 1 | 0 | |a Viabilidad de tres sistemas constructivos alternativos con respecto a tres sistemas constructivos tradicionales utilizados para la fabricación de viviendas de Interés social |
| 260 | |a Managua |b UNI/RUACS |c 2016 | ||
| 300 | |a 110 p. :il. | ||
| 500 | |a Contiene: anexos Y CD. | ||
| 502 | |a Tesis (Ingeniero Civil)- UNI, 2016. | ||
| 520 | 3 | |a El estudio evalúa la viabilidad técnico-económica de tres sistemas constructivos livianos con respecto a tres sistemas constructivos tradicionales a fin de proponer mejores alternativas a familias que demandan viviendas de interés social. | |
| 650 | 7 | |a CONSTRUCCIÓN DE VIVIENDAS | |
| 650 | 7 | |b VIVIENDAS-PROYECTOS | |
| 650 | 7 | |c VIVIENDAS SOCIALES | |
| 650 | 7 | |d VIVIENDA-FINANCIACIÓN | |
| 700 | 1 | |a Tutor: |b Navarro Hudiel,Sergio Junior | |
| 942 | |c BK |2 ddc | ||
| 991 | |a TESIS | ||
| 999 | |c 15571 | ||